| 000 | 00951nam a2200241 a 4500 | ||
|---|---|---|---|
| 001 | 000003315 | ||
| 005 | 20250210113909.0 | ||
| 008 | 090707s1998 dr r 000 0 spa d | ||
| 040 |
_aDO-SdBNP _bspa _cBNPHU |
||
| 082 |
_a341 _bA696m, 1998 |
||
| 100 | 1 |
_aArias, Luis, _q(Arias Núñez) _99356 |
|
| 245 | 1 | 0 |
_aManual de derecho internacional privado / _cLuis Arias Núñez ; prólogo Bienvenido Mejía Mejía. |
| 250 | _a3a ed. | ||
| 260 |
_aSanto Domingo : _bCentenario, _c1998. |
||
| 300 |
_a520 p. ; _c23 cm. |
||
| 500 | _aIncluye datos bigráficos del autor | ||
| 504 | _aIncluye referencias bibliográficas y notas al pie de las páginas | ||
| 650 | 4 |
_aDerecho internacional _vMANUALES _910411 |
|
| 650 | 4 |
_aDerecho internacional privado _zRepúblia Dominicana _910412 |
|
| 650 | 4 |
_aDerecho internacional privado _vMANUALES _910413 |
|
| 650 | 4 |
_aDerecho internacional privado _xTeorías _910414 |
|
| 700 | 1 |
_aMejía Mejía, Bienvenido, _epról. _910415 |
|
| 999 |
_c3146 _d3146 |
||